Match the actor to the 1980s TV programme - Statistics

General Stats
  • This quiz has been taken 71 times
  • The average score is 10 of 15
Answer Stats
Hint Answer % Correct
Don Johnson Miami Vice
94%
Angela Lansbury Murder, She Wrote
94%
Victoria Principal Dallas
87%
Tyne Daly Cagney and Lacey
81%
Catherine Bach The Dukes of Hazzard
73%
Joan Hickson Miss Marple
63%
Adrian Edmondson The Young Ones
62%
Leo McKern Rumpole of the Bailey
59%
Tim McInnerny Blackadder
57%
Paul Eddington Yes, Minister
57%
Dennis Waterman Minder
56%
Todd Carty Grange Hill
52%
Warren Mitchell Till Death Us Do Part
52%
Mark McManus Taggart
49%
Tony Roper Rab C.Nesbitt
41%
No matching quizzes found
Score Distribution
Percent of People with Each Score
Percentile by Number Answered
Your Score History
You have not taken this quiz